Etica ciudadana y derechos humanos de los niños: una contribución a la paz
Đã lưu trong:
| Những tác giả chính: | , |
|---|---|
| Định dạng: | Sách |
| Ngôn ngữ: | Tiếng Tây Ban Nha |
| Được phát hành: |
Bogotá
Magisterio
1998
|
| Phiên bản: | 2a. ed |
| Loạt: | Colección Mesa Redonda, 67
|
| Những chủ đề: | |
| Các nhãn: |
Thêm thẻ
Không có thẻ, Là người đầu tiên thẻ bản ghi này!
|
MARC
| LEADER | 00000nam a2200000 a 4500 | ||
|---|---|---|---|
| 001 | UCM9434 | ||
| 003 | CL-VaPUC | ||
| 008 | 030425e19980000CK |||||||||||||||||spa|d | ||
| 082 | 0 | 4 | |a 323.352 |b OSP |2 21 |
| 100 | |a Ospina S., Héctor Fabio |e autor |9 475961 | ||
| 700 | 0 | |a Alvarado, Sara Victoria |e author |9 475962 | |
| 245 | 1 | 0 | |a Etica ciudadana y derechos humanos de los niños: una contribución a la paz |
| 250 | |a 2a. ed | ||
| 300 | |a 283 p | ||
| 942 | |c BK | ||
| 945 | |d 20030425 00:00:00 |a cmena | ||
| 260 | |a Bogotá |b Magisterio |c 1998 | ||
| 650 | 0 | |a Derechos del niño |9 258728 | |
| 650 | 0 | |a Derechos humanos |9 223025 | |
| 650 | 7 | |a CIUDADANOS |2 CL-VaPUC |9 475963 | |
| 650 | 0 | |a Ética |9 255099 | |
| 650 | 0 | |a Educación cívica |9 314665 | |
| 583 | |a last modification |c 20030425 00:00:00 |k Rodrigo Vera | ||
| 490 | 0 | |a Colección Mesa Redonda, 67 | |
| 999 | |c 303703 |d 303701 | ||
| 952 | |0 0 |1 0 |4 0 |6 323_352000000000000_OSP_1998 |7 0 |8 A |9 365197 |a BIBEDU |b BIBEDU |d 2019-11-21 |i 3898377 |o 323.352 OSP 1998 |p 3898377 |r 2019-11-21 |w 2019-11-21 |y BK |k EPE | ||
| 952 | |0 0 |1 0 |4 0 |6 323_352000000000000_OSP_1998 |7 0 |8 A |9 365198 |a BIBEDU |b BIBEDU |d 2019-11-21 |i 4378709 |o 323.352 OSP 1998 |p 4378709 |r 2019-11-21 |w 2019-11-21 |y BK |k EPE | ||